| 000 | 00348 a2200157 4500 | ||
|---|---|---|---|
| 001 | 56754 | ||
| 020 | _a9788537710166 | ||
| 040 | _cAnchieta - Pituba | ||
| 100 | _aHugo, Victor | ||
| 240 | 1 | 0 |
_aO corcunda de Notre-Dame _lpor |
| 245 | 1 | 0 | _aO corcunda de Notre-Dame |
| 300 | _a104 | ||
| 362 | 0 | _a2009 | |
| 650 | 4 | _aLiteratura juvenil | |
| 942 | _cBK | ||
| 999 |
_c56754 _d56754 |
||